La reserva de ley en Iberoamérica / (Registro nro. 13915)

Detalles MARC
000 -LIDER
fixed length control field 01380nam a2200325 a 4500
001 - NÚMERO DE CONTROL
Identificador de número de control
003 - IDENTIFICACDOR DE NÚMERO DE CONTROL
control field OSt
005 - DATE AND TIME OF LATEST TRANSACTION
control field 20211201102310.0
007 - CAMPOS FIJOS DE DESCRIPCIÓN FÍSICA
fixed length control field ta
008 - ELEMENTOS DE LONGITUD FIJA
fixed length control field 181001s2018 dr 000 spa d
020 ## - ISBN
International Standard Book Number 9789945610130
040 ## - FUENTE DE CATALOGACIÓN
Agencia que crea de manera original el registro DO-SdBNP
Idioma de catalogación spa
Agencia que realiza la transcripción BPMSU
082 ## - NÚMERO DE CLASIFICACIÓN DECIMAL DE DEWEY
Classification number 342.98
Item number D277r 2018
Edition number 22
100 1# - ASIENTO PRINCIPAL -- NOMBRE PERSONAL
Nombre personal Díaz Filpo, Rafael
245 13 - MENCIÓN DE TITULO
Título La reserva de ley en Iberoamérica /
Mención de responsabilidad Rafael Díaz Filpo ;Yissel Casado, diagramación ; Enrique Read, diseño de portada.
260 ## - PUBLICACIÓN, DISTRIBUCIÓN, ETC. (PIE DE IMPRENTA)
Lugar de publicación, distribución, etc Santo Domingo :
Nombre del editor, distribuidor, etc. JUDEX ,
Fecha de publicación, distribución, etc 2018.
300 ## - DESCRIPCIÓN FÍSICA
Extensión 282 p. :
Otros detalles físicos il. ;
Dimensiones 25 cm.
500 ## - NOTA GENERAL
Nota general Incluye referencias bibliográficas y notas al pie de las páginas
504 ## - NOTA DE BIBLIOGRAFÍA, ETC.
Bibliography, etc Bibliografía : p. 221-226
505 0# - NOTA DE CONTENIDO
Texto normalizado de contenido El concepto de la ley, evolución y tipos --
Título La reserva de la ley --
-- La reserva de la ley en la regulación de los derechos fundamentales --
-- Las leyes en Iberoamérica --
-- Procesos de reformación de las leyes en los países iberoamericanos --
-- La reserva de la ley frente a la omisión legislativa.-
505 0# - NOTA DE CONTENIDO
Texto normalizado de contenido Bibliografía.- anexo
590 ## - NOTA LOCAL
Texto de la nota local Inventariado, 2018/VM
650 #4 - ENCABEZAMIENTO DE MATERIA--TEMÁTICO
Término temático o nombre geográfico como elemento de entrada Ley
Subdivisión geográfica América Latina
650 #4 - ENCABEZAMIENTO DE MATERIA--TEMÁTICO
Término temático o nombre geográfico como elemento de entrada Derecho constitucional
Subdivisión geográfica América Latina
700 01 - ASIENTO SECUNDARIO -- NOMBRE PERSONAL
Nombre personal Casado, Yissel,
Mención de responsabilidad diagramación
700 01 - ASIENTO SECUNDARIO -- NOMBRE PERSONAL
Nombre personal Read, Enrique,
Mención de responsabilidad diseño de portada.
710 2# - ASIENTO SECUNDARIO -- NOMBRE CORPORATIVO
Nombre corporativo o de jurisdicción Tribunal Cosntitucional de la República Dominicana
910 ## - VALIDACIÓN
Validación VMateo V.
942 ## - ADDED ENTRY ELEMENTS (KOHA)
Source of classification or shelving scheme Dewey Decimal Classification
Koha item type Libros
Existencias
Withdrawn status Lost status Source of classification or shelving scheme Damaged status Not for loan Collection code Home library Current library Date acquired Total Checkouts Full call number Barcode Date last seen Price effective from Koha item type
    Dewey Decimal Classification     Colección Dominicana Biblioteca Pública Metropolitana Salomé Ureña Biblioteca Pública Metropolitana Salomé Ureña 12/01/2021   BPMSU CD 342.98 D277r 2018 BPMSU21120004 12/01/2021 12/01/2021 Libros